Dutch East India Company VOC and Diewel-Sind (Record no. 19028)

MARC details
000 -LEADER
fixed length control field 00665nam a2200253 a 4500
020 ## - INTERNATIONAL STANDARD BOOK NUMBER
ISBN
082 00 - DEWEY DECIMAL CLASSIFICATION NUMBER
Classification number 954.91
Author Cutter FLO
100 ## - MAIN ENTRY--AUTHOR NAME
Author name Floor, Willian
245 ## - TITLE STATEMENT
Title Dutch East India Company VOC and Diewel-Sind
Sub title Pakistan in 17th &18th Ce
260 ## - PUBLICATION, DISTRIBUTION, ETC. (IMPRINT)
Place of publication Pakistan
Name of publisher University of Karachi
Year of publication 1993
300 ## - PHYSICAL DESCRIPTION
Number of Pages 97p
500 ## - GENERAL NOTE
General note includes index and biblioraphy
505 2# - FORMATTED CONTENTS NOTE
Formatted contents note Index
650 ## - SUBJECT ADDED ENTRY--TOPICAL TERM
Topical Term Pakistan-History
650 ## - SUBJECT ADDED ENTRY--TOPICAL TERM
Topical Term Dutch East India Company
942 ## - ADDED ENTRY ELEMENTS (KOHA)
Koha item type Books
700 1# -
-- Floor, Willian
Holdings
Collection code Home library Current library Date acquired Cost, normal purchase price Full call number Accession Number Koha item type
  Henry Martyn Institute Library Henry Martyn Institute Library 04/12/2007 100.00 954.91 FLO 11000087 Books
                   Copyright © 2026 | Henry Martyn Institute | Hyderabad | TS-500052 | INDIA | Implemented by hmi.edu.in
Hit-Count:

Powered by Koha